Faculty of Law Library — Cairo University

Official Online Catalog

Rules of procedure of the Committee on the Elimination of Racial Discrimination / (Record no. 64121)

MARC details
000 -LEADER
fixed length control field 01271nam a2200349 i 4500
003 - CONTROL NUMBER IDENTIFIER
control field EG-GICUC
005 - DATE AND TIME OF LATEST TRANSACTION
control field 20260224163528.0
008 - FIXED-LENGTH DATA ELEMENTS--GENERAL INFORMATION
fixed length control field 260224s1986 nyu||||fr|||| 00| 0 eng d
020 ## - INTERNATIONAL STANDARD BOOK NUMBER
International Standard Book Number 9210540018
040 ## - CATALOGING SOURCE
Original cataloging agency EG-GiCUC
Language of cataloging eng
Transcribing agency EG-GiCUC
Modifying agency EG-GiCUC
Description conventions rda
041 ## - LANGUAGE CODE
Language code of text/sound track or separate title eng
082 04 - DEWEY DECIMAL CLASSIFICATION NUMBER
Edition number 21
Classification number 34148
Item number RU
092 04 - LOCALLY ASSIGNED DEWEY CALL NUMBER (OCLC)
Edition number 21
099 ## - LOCAL FREE-TEXT CALL NUMBER (OCLC)
Classification number Law1 11 341.48 RU 1986
245 ## - TITLE STATEMENT
Title Rules of procedure of the Committee on the Elimination of Racial Discrimination /
Statement of responsibility, etc. UNITED NATIONS .
246 1# - VARYING FORM OF TITLE
Title proper/short title Règlement intérieur du Comité pour l'élimination de la discrimination raciale
246 1# - VARYING FORM OF TITLE
Title proper/short title Правила процедуры Комитета по ликвидации расовой дискриминации
246 1# - VARYING FORM OF TITLE
Title proper/short title Reglamento del Comité para la Eliminación de la Discriminación Racial
246 1# - VARYING FORM OF TITLE
Title proper/short title 消除种族歧视委员会议事规则
264 ## - PRODUCTION, PUBLICATION, DISTRIBUTION, MANUFACTURE, AND COPYRIGHT NOTICE
Place of production, publication, distribution, manufacture United States :
Name of producer, publisher, distributor, manufacturer United Nations ,
Date of production, publication, distribution, manufacture, or copyright notice 1986 .
300 ## - PHYSICAL DESCRIPTION
Dimensions 24 cm
336 ## - CONTENT TYPE
Source rda content
Content type term text
337 ## - MEDIA TYPE
Source rda media
Media type term Computer
338 ## - CARRIER TYPE
Source rda carrier
Carrier type term Online Resource
546 ## - LANGUAGE NOTE
Language note Multilingual
650 1# - SUBJECT ADDED ENTRY--TOPICAL TERM
Topical term or geographic name entry element Human Rights
650 1# - SUBJECT ADDED ENTRY--TOPICAL TERM
Topical term or geographic name entry element International Law
651 1# - SUBJECT ADDED ENTRY--GEOGRAPHIC NAME
Source of heading or term qrmak
856 40 - ELECTRONIC LOCATION AND ACCESS
Uniform Resource Identifier <a href="https://fll.law.cu.edu.eg/fulltext/bks/B11-05630.pdf">https://fll.law.cu.edu.eg/fulltext/bks/B11-05630.pdf</a>
905 ## - Cataloger and Reviser Names
Cataloger Name: Hager Sameh
942 ## - ADDED ENTRY ELEMENTS (KOHA)
Source of classification or shelving scheme Dewey Decimal Classification
Koha item type Books
Edition 21
Suppress in OPAC No
Holdings
Withdrawn status Lost status Source of classification or shelving scheme Damaged status Not for loan Collection Home library Current library Date acquired Total checkouts Full call number Barcode Date last seen Copy number Price effective from Koha item type
    Dewey Decimal Classification   Not for loan القانون الدولي العام جــــامعة القــاهرة مكتبة كلية الحقوق - المبنى الرئيسي 24.02.2026   Law1 11 341.48 RU 1986 1105630 C1 B11-05630 24.02.2026 1 24.02.2026 Books

© All rights reserved — Faculty of Law, Cairo University